000 02298nas a22001817a 4500
007 ta
008 230531e20231208xxk||||os||||o00| 0 eng d
041 _aeng
245 _aHope Capital v Alexander Reece Thompson
260 _a[2023] EWHC 3157 (KB)
_bKings Bench
_c8 December 2023
520 _aThe Court looked again at the approach to evaluating the scope of a valuer’s duty and recoverable losses resulting from a negligent valuation. The dispute in Hope Capital Limited v Alexander Reece Thomson LLP [2023] was in respect of a negligent valuation by the Defendant (the Valuer) of a 15th century Grade II listed property in Surrey. The valuation was a secured lending valuation in respect of a short term bridging loan for around £2.215 million, with a low loan to value (LTV) ratio. In terms of assessing loss, the Court found that: 1) the factual reason that the value of security was not realised within 180 days of the default was due to the conduct of the Borrower (ie the dispute with the National Trust); 2) had it not been for the Borrower’s conduct and the subsequent effects of Covid-19 on the market, the Claimant would not have suffered any loss of capital advanced; and 3) by analogy with the case of Charles B Lawrence, the loss caused by the breach of the Valuer’s duty was therefore nil. This will be good news for valuers and their professional indemnity insurers as it will almost always be arguable that any change in value between the valuation date and the realisation date is attributable to changes in market conditions and/or other external factors for which the valuer is not responsible. Further, the Hope Capital decision makes it clear that notwithstanding that a valuation was critical to a decision to lend, that does not necessarily mean that the valuer is liable for all of the financial consequences of that transaction, even in a “no transaction” case.
650 _aVALUATION
650 _aPROFESSIONAL INDEMNITY INSURANCE
650 _aCALDERBANK LETTERS
651 _aUnited Kingdom
856 _uhttps://caselaw.nationalarchives.gov.uk/ewhc/kb/2023/3157
_zAvailable on the National Archives case law database
856 _uhttps://www.clydeco.com/en/insights/2023/12/hope-for-valuers-hope-capital-v-alexander-reece-th
_zCommentary by Clyde & Co
999 _c121747
_d121747